00205nam a22000852 4500082001500000245003200015250001300047260004800060300001100108 a294.5bRAM04aThe Brhadaranyaka upanisad; a[2d ed.] aMylapore, Madras,bRamakrishna Math,c1951. a515 p.